000 01148nab a2200217 i 4500
001 768714001
003 CO-MdFUSB
005 20240509111003.0
008 240508t1967 sp ||||| |||| 00| 0 spa d
040 _bspa
_cCO-MdFUSB
_dCO-MdFUSB
041 _aspa
100 _aMesthene, Emmanuel G.
_eautor
245 _aValores religiosos en la época de la tecnología
_c/ Emmanuel G. Mesthene
520 _aPara rastrear la influencia de la modernidad en la obra misionera teológica y el papel de las iglesias en la sociedad, es apropiado comenzar con lo que es nuevo en nuestra época. Cada época siempre tuvo algo nuevo; de lo contrario no podríamos distinguirlos en la historia. Debemos examinar las innovaciones más recientes de nuestro tiempo, ya que las cosas viejas también eran nuevas en esa época.
650 7 _aBiblia y ciencia
_97327
650 7 _aReligión
_9385
653 _aTecnología
773 0 _049450
_982586
_oR2516
_tRevista internacional de teología Concilium
_w(CO-MdFUSB)8
_x0210-1041
_gNúmero 26, (junio, 1967), páginas: 449 - 466
_qpágina: 449
942 _cANA
945 _aCatherine Arias Alvarez - Practicante SENA
999 _c69583
_d69583